000 03544nam a22003977a 4500
008 090225t xxu||||| |||| 00| 1 eng d
010 _aB-347166-177
020 _a9780007247387
_c695.00
020 _a0007247389
_c695.00
035 _aB-347166-177
037 _bAakar Books
040 _adpl
_bEnglish
082 _a915.404532
100 _aBhaskar, Sanjeev
245 _aIndia with Sanjeev Bhaskar /
_cby Sanjeev Bhaskar
260 _aLondon
_bHarperCollins Publishers
_c2007
270 _a77-85Fulham Palace Road, Hammersmith
_bLondon
_eW6 8JB
300 _a287p.:
_c26cm.(Hb)
_bcol. photos
650 _a Large type books.
651 _a India
_x Description and travel.
651 _a India
_x Social life and customs.
942 _2ddc
_cEN
_mBHA
_h915.404532
999 _c24375
_d24375